East Asian Dictators - Statistics

General Stats
  • This quiz has been taken 67 times
    53 since last reset
  • The average score is 12 of 16
Answer Stats
Dictator Country % Correct
Pol Pot Kampuchea
93%
Kim Il Sung North Korea
93%
Ho Chi Minh North Vietnam
90%
Park Chung Hee South Korea
90%
Sukarno Indonesia
86%
Ferdinand Marcos Philippines
86%
Lee Kuan Yew Singapore
79%
Ngo Dinh Diem South Vietnam
79%
Than Shwe Burma
76%
Yuan Shikai China
74%
Koki Hirota Japan
69%
Mahathir bin Mohamad Malaysia
67%
Horloogiyn Choybalsan Mongolia
64%
Hassanal Bolkiah Brunei
60%
Khamtai Siphandon Laos
60%
Anand Panyarachun Thailand
60%
No matching quizzes found
Score Distribution
Percent of People with Each Score
Percentile by Number Answered
Your Score History
You have not taken this quiz since the last reset